[Event "Rivarolo Mantovano Weekend 5th"]
[Site "Rivarolo Mantovano"]
[Date "2007.10.12"]
[Round "1"]
[White "Porpora, Ivano"]
[Black "Pipitone, Antonio"]
[Result "0-1"]
[WhiteElo "1521"]
[BlackElo "2028"]
[PlyCount "160"]
[EventDate "2007.10.12"]
[EventType "swiss"]
[EventRounds "5"]
[EventCountry "ITA"]
[SourceTitle "EXT 2010"]
[Source "ChessBase"]
[SourceDate "2010.11.25"]
[SourceVersion "1"]
[SourceVersionDate "2010.11.25"]
[SourceQuality "1"]

1. e4 c5 2. Nf3 d6 3. d4 cxd4 4. Nxd4 Nf6 5. Nc3 Nc6 6. Bc4 e6 7. 0-0 Be7 8. Bg5 a6 9. a4 0-0 10. Bb3 Qc7 11. Nf3 h6 12. Bf4 e5 13. Be3 Be6 14. Nd5 Bxd5 15. Bxd5 Nb4 16. Qd2 Nbxd5 17. exd5 Ne4 18. Qd3 f5 19. Rad1 Rac8 20. c3 Qa5 21. Ra1 Nc5 22. Bxc5 Qxc5 23. Nd2 e4 24. Qd4 Qxd4 25. cxd4 Rc2 26. Rfd1 Rxb2 27. Rab1 Rxb1 28. Rxb1 Rb8 29. a5 Bd8 30. Nc4 Bc7 31. Nb6 Kf7 32. Kf1 Bxb6 33. Rxb6 Ke7 34. Ke2 Kd7 35. Ke3 Kc7 36. h4 g5 37. h5 Re8 38. g3 Rg8 39. g4 fxg4 40. Kxe4 Rf8 41. Rb2 Rf4+ 42. Ke3 Rf3+ 43. Ke4 Rf4+ 44. Ke3 Rf7 45. Ke4 Rf3 46. Rc2+ Kb8 47. Ra2 Ka7 48. Rb2 Kb8 49. Ra2 Rh3 50. Kf5 Rxh5 51. Ke6 Rh2 52. Kxd6 g3 53. Ra1 Rxf2 54. Ke7 Re2+ 55. Kf6 Kc7 56. Kg6 Kd6 57. Kxh6 Kxd5 58. Kxg5 Kxd4 59. Kg4 g2 60. Kh3 Ra2 61. Rb1 Ke3 62. Kh2 Kf2 63. Rg1 Kf3 64. Rb1 Rxa5 65. Rb3+ Kf2 66. Rb2+ Ke3 67. Rxb7 Rg5 68. Kg1 a5 69. Rb3+ Kd4 70. Rb8 Kc4 71. Rc8+ Kb3 72. Rb8+ Ka3 73. Rb7 a4 74. Rb6 Rg3 75. Rb7 Ka2 76. Rb6 a3 77. Rb8 Rb3 78. Re8 Ka1 79. Kxg2 a2 80. Kf1 Kb2 0-1